Текст томруулах:    
International journal of public administration (Бичлэгийн дугаар. 145983)
000 -УДИРДЛАГА
Удирдлага 00911nam a22002417a 4500
003 - ХЯНАЛТЫН ТОО ТОДОРХОЙЛОГЧ
Код MN-UlNUM
005 - БИЧИЛТ ХИЙСЭН ОГНОО
Тухайн бичилтийг бичсэн засварласан сүүлийн огноо 20251219124518.0
008 - ЕРӨНХИЙ МЭДЭЭЛЭЛ
Ерөнхий мэдээлэл 251219s1993 nyu||||| |||| 00| 0 eng |
040 ## - БИЧЛЭГ ҮҮСГЭГЧ БАЙГУУЛЛАГА
Бичлэг үүсгэгч номын сангийн код МУИС-ийн номын сан
084 ## - ББК АНГИЛАЛ
Нэмэлт тусгалт Бусад
ББК ангилал 67.412.2
Зохиогчийн гурван тэмдэгт I 69
Мэдлэгийн ялгаа 67 - Төр эрх, хууль
110 ## - ЭРХЛЭН ГАРГАСАН /БАЙГУУЛЛАГА/
Эрхлэн гаргасан байгууллага Official journal of the Barnard society, U.S.A.
245 ## - ҮНДСЭН ГАРЧИГ
Номын нэр International journal of public administration
250 ## - ДАХИН ХЭВЛЭЛТ
Дахин гаралтын дугаар Volume 16 number 8
260 ## - ГАРАЛТЫН МЭДЭЭ
Хэвлэгдсэн газар New York:
Хэвлэлийн газар Monticello,
Хэвлэгдсэн он 1993.
500 ## - Тайлбар
Дансны дугаар БС 4591
546 ## - ХЭЛНИЙ ТУХАЙ МЭДЭЭ
Хэл Англи хэл дээр,
740 ## - НОМЫН ГАРЧИГ
Гарчиг Teaching Public Policy in a Public Administration Program
740 ## - НОМЫН ГАРЧИГ
Гарчиг Public Administration and Public Policy: Old Perspectives, New Directions
740 ## - НОМЫН ГАРЧИГ
Гарчиг Public Administration and Policymaking: The Political / Career Executive Environment
740 ## - НОМЫН ГАРЧИГ
Гарчиг Department Executives in the States: An Examination of Difference Based on Selection and Work Experience
942 ## - ЭЛЕМЕНТИЙН ТӨРӨЛ
Зүйлийн төрөл Ном